LEADER 01463nam 2200457 450 001 9910671885903321 005 20200925102347.0 010 $a84-121920-7-9 035 $a(CKB)4920000000529232 035 $a(MiAaPQ)EBC6775642 035 $a(OCoLC)1199307126 035 $a(FINmELB)ELB130495 035 $a(EXLCZ)994920000000529232 100 $a20200925d2020 uy 0 101 0 $aspa 135 $aurcnu|||||||| 181 $ctxt$2rdacontent/spa 182 $cc$2rdamedia/spa 183 $acr$2rdacarrier/spa 200 10$aAtlas pra?ctico-criminologico de psicometri?a forense$hvol. IV $eparafilias y agresiones sexuales de menores /$fDr. Bernat-N. Tiffon 210 1$aBarcelona :$cJ.M. Bosch,$d2020. 215 $a1 recurso en li?nea (246 pa?ginas) 311 $a84-121920-8-7 517 3 $aParafilias y agresiones sexuales de menores 606 $aPsychometrics$vCase studies 606 $aForensic psychology 606 $aPsicometri?a$vEstudio de casos 606 $aPsicologi?a legal 608 $aLibros electronicos. 615 0$aPsychometrics 615 0$aForensic psychology. 615 4$aPsicometri?a 615 4$aPsicologi?a legal. 676 $a150.287 700 $aTiffon Nonis$b Bernat-Noe?l$01335198 801 0$bFINmELB 801 1$bFINmELB 906 $aBOOK 912 $a9910671885903321 996 $aAtlas pra?ctico-criminologico de psicometri?a forense$93048663 997 $aUNINA